| 000 | 01768cam a22004574i 4500 | ||
|---|---|---|---|
| 003 | PE-LiUPU | ||
| 005 | 20250731173306.0 | ||
| 008 | 150616s r 000 0 d | ||
| 035 | _a(Sirsi) a3669 | ||
| 040 |
_aPE-LiUPU _bspa _cPE-LiUPU _erda |
||
| 049 | _aPRUA | ||
| 082 | 0 | 4 |
_a280.2 _bB66 _221 |
| 100 | 1 |
_aBoettner, Loraine, _eautor. |
|
| 245 | 1 | 0 | _aRoman catholocism. |
| 264 | 1 |
_aPhiladelphia : _bThe Presbyterian and Reformad Publishing Company, _c1962. |
|
| 300 |
_a466 páginas ; _c23 cm. |
||
| 336 |
_atext _2rdacontent |
||
| 337 |
_aunmediated _2rdamedia |
||
| 338 |
_avolume _2rdacarrier |
||
| 504 | _aIncluye bibliografía. | ||
| 505 | 0 | _aThe church -- The priesthood -- Tradition -- Peter -- The papacy -- Mary -- The mass -- The confessional -- Purgatory -- The infallibility of the pope -- Penance; indulgences-salvation by grace or by works? -- Ritualism -- Celibacy -- Marriage -- The parochial school -- By what moral standard -- Intolerance-bigotry-persecution -- A system tested by its fruits. | |
| 526 | _aSEG42 | ||
| 526 | _aSEG41 | ||
| 526 | _aSEG40 | ||
| 526 | _aSEG39 | ||
| 526 | _aP94 | ||
| 526 | _aP87 | ||
| 526 | _aP86 | ||
| 526 | _aP85 | ||
| 526 | _aP77 | ||
| 526 | _aP76 | ||
| 526 | _aP35 | ||
| 650 | 0 | 4 | _aIGLESIA CATOLICA. |
| 910 |
_ajck _bjvq _cjck |
||
| 942 |
_2ddc _cBOOK |
||
| 949 |
_a280.2 B66 _wDEWEY _c1 _i17494 _lCCODEBUL1 _mBUL _p00.00 _r0 _sY _tBOOK _u19791211 _xTEOLOGIA _zUNKNOWN _0COMPRA _o.STAFF. Colección General |
||
| 994 |
_aC0 _bPEPRU |
||
| 596 | _a1 | ||
| 999 |
_a280.2 B66 _wDEWEY _c44789 _i17494 _f2021-11-12 _g5 _lCCODEBUL1 _mBUL _r0 _sY _tBOOK _u2015-6-16 _xTEOLOGIA _zUNKNOWN _0COMPRA _o.STAFF. Colección General _d44789 |
||
| 980 |
_81 _gALBERTO SANCHEZ Responsable de Automatización |
||